LEADER 01214nam--2200409---450- 001 990001397820203316 005 20050714122510.0 035 $a000139782 035 $aUSA01000139782 035 $a(ALEPH)000139782USA01 035 $a000139782 100 $a20040205d1982----km-y0itay0103----ba 101 0 $aeng 102 $aGB 105 $a||||||||001yy 200 1 $aSouthern Italy$efrom Rome to Calabria$fPaul Blanchard$gAtlas, maps and plans by John Flower 205 $a4. ed 210 $aLondon [etc.]$cBenn$d1982 215 $a358 p.$cill., c. geogr., c. topogr.$d19 cm 225 2 $a<> blue guides 410 0$12001$a<> blue guides 454 1$12001 461 1$1001-------$12001 606 0 $aItalia meridionale$xGuide 676 $a914.57 700 1$aBLANCHARD,$bPaul$0267377 702 1$aFLOWER,$bJohn 801 0$aIT$bsalbc$gISBD 912 $a990001397820203316 951 $aIII.1. 3220(II i B coll 16/1)$b24292 L.M.$cII i B coll 959 $aBK 969 $aUMA 979 $aSIAV5$b10$c20040205$lUSA01$h1645 979 $aPATRY$b90$c20040406$lUSA01$h1738 979 $aCOPAT5$b90$c20050714$lUSA01$h1225 996 $aSouthern Italy$9930408 997 $aUNISA